| 000 | 02028cam a22004697a 4500 | ||
|---|---|---|---|
| 003 | CHAP | ||
| 005 | 20220329141112.0 | ||
| 008 | 971014s1996 r 00010 d | ||
| 010 | _a62590 | ||
| 011 | _a63562 | ||
| 035 | _a67738 | ||
| 040 | _cCHAP | ||
| 082 |
_a630.83 I56 B.C _bI56 B.C.S. |
||
| 110 |
_aInstituto Nacional de Estadística, Geografía e Informática. México _959304 |
||
| 245 | 0 |
_aIndicadores básicos censales _b: Baja California Sur |
|
| 260 |
_aAguascalientes, Ags. : _bINEGI, _c1996 |
||
| 300 |
_a88 p. _b; anexo _e+ 1 anexo (20 diagramas de universos) |
||
| 590 |
_aBATCH-UPD _b10 _c20130110 _lUCH01 _h0323 |
||
| 590 |
_aBATCH-UPD _b10 _c20130110 _lUCH01 _h1903 |
||
| 590 |
_aBATCH-UPD _b10 _c20130409 _lUCH01 _h2356 |
||
| 590 |
_aBATCH-UPD _b10 _c20130410 _lUCH01 _h1531 |
||
| 590 |
_aBATCH-UPD _b10 _c20130913 _lUCH01 _h2040 |
||
| 590 |
_aCONVERSION _b10 _c20130109 _lUCH01 _h1334 |
||
| 650 | 1 | 4 |
_aAgricultura _xBaja California Sur. _91317 |
| 650 | 1 | 4 |
_aAgricultura _xEstadísticas _zBaja California Sur. _91446 |
| 650 | 1 | 4 |
_aBosques _xEstadísticas _xBaja California Sur. _914139 |
| 650 | 1 | 4 |
_aCrédito agrícola _xBaja California Sur. _929032 |
| 650 | 1 | 4 |
_aCultivos _xBaja California Sur. _930233 |
| 650 | 1 | 4 |
_aCultivos _xEstadísticas. _930269 |
| 650 | 1 | 4 |
_aEjidos _xBaja California Sur. _936005 |
| 650 | 1 | 4 |
_aGanadería _xBaja California Sur. _944658 |
| 650 | 1 | 4 |
_aGanadería _xEstadísticas _zBaja California Sur. _944705 |
| 650 | 1 | 4 |
_aMaquinaria agrícola _xEstadísticas. _971170 |
| 650 | 1 | 4 |
_aTierras _xTenencia _zBaja California Sur. _9113213 |
| 790 | _aCensos agropecuarios (7o), 1991 | ||
| 901 | _aBK | ||
| 942 | _cLIBRO | ||
| 949 |
_a630.83 I56 B.C.S. _bBC _cESP _d-153122 _eESP _fanexo _h92298 _i67738 _sb _t27.00 |
||
| 949 |
_a630.83 I56 B.C.S. _bBC _cESP _d677382 _eESP _fanexo c.2 _gDonaciØn _h100415 _i67738 _sb |
||
| 949 |
_a630.83 I56 B.C.S. _bBC _cINEGI _d33724000686937 _eINEGI _gI. c/e _h92298 _i67738 _si _t27.00 |
||
| 949 |
_a630.83 I56 B.C.S. _bBC _cINEGI _d33724000844106 _eINEGI _fc.2 _gDonaciØn _h100415 _i67738 _sb |
||
| 999 |
_c62590 _d62590 |
||